Combien de ville du Haut Rhin (68) connais-tu ? - Statistiques

Statistiques générales
  • Ce quiz a été pris 34 fois
  • Le résultat moyen est 57 sur 366
Statistiques - réponses
Code postal Ville % Correct
68000 Colmar
94%
68200 Mulhouse
94%
68130 Altkirch
74%
68305 Saint-Louis
74%
68802 Thann
71%
68704 Cernay
61%
68500 Guebwiller
61%
68100 Wittenheim
61%
68310 Wittelsheim
58%
68170 Rixheim
55%
68740 Fessenheim
52%
68110 Illzach
52%
68120 Pfastatt
52%
68400 Riedisheim
52%
68510 Sierentz
52%
68870 Bartenheim
48%
68720 Zillisheim
48%
68130 Aspach
45%
68210 Dannemarie
45%
68190 Ensisheim
45%
68440 Habsheim
45%
68500 Rouffach
45%
68350 Brunstatt-Didenheim
42%
68480 Lutter
42%
68800 Vieux-Thann
42%
68540 Bollwiller
39%
68330 Huningue
39%
68262 Kingersheim
39%
68820 Kruth
39%
68460 Lutterbach
39%
68790 Morschwiller-le-Bas
39%
68490 Ottmarsheim
39%
68390 Sausheim
39%
68390 Baldersheim
35%
68730 Blotzheim
35%
68420 Eguisheim
35%
68480 Ferrette
35%
68720 Hochstatt
35%
68680 Kembs
35%
68022 Munster
35%
68550 Saint-Amarin
35%
68490 Bantzenheim
32%
68720 Flaxlanden
32%
68125 Houssen
32%
68720 Illfurth
32%
68151 Ribeauvillé
32%
68128 Village-Neuf
32%
68960 Willer
32%
68700 Aspach-le-Bas
29%
68390 Battenheim
29%
68500 Berrwiller
29%
68440 Bruebach
29%
68490 Chalampé
29%
68690 Moosch
29%
68680 Niffer
29%
68480 Oltingue
29%
68340 Riquewihr
29%
68160 Sainte-Marie-aux-Mines
29%
68700 Wattwiller
29%
68440 Zimmersheim
29%
68620 Bitschwiller-lès-Thann
26%
68480 Fislis
26%
68420 Herrlisheim-près-Colmar
26%
68220 Hésingue
26%
68600 Neuf-Brisach
26%
68830 Oderen
26%
68490 Petit-Landau
26%
68840 Pulversheim
26%
68580 Seppois-le-Bas
26%
68580 Seppois-le-Haut
26%
68360 Soultz-Haut-Rhin
26%
68850 Staffelfelden
26%
68480 Vieux-Ferrette
26%
68920 Wintzenheim
26%
68210 Altenach
23%
68770 Ammerschwihr
23%
68750 Bergheim
23%
68480 Bouxwiller
23%
68520 Burnhaupt-le-Bas
23%
68520 Burnhaupt-le-Haut
23%
68130 Carspach
23%
68470 Fellering
23%
68500 Hartmannswiller
23%
68180 Horbourg-Wihr
23%
68440 Landser
23%
68210 Montreux-Jeune
23%
68210 Montreux-Vieux
23%
68370 Orbey
23%
68250 Pfaffenheim
23%
68127 Sainte-Croix-en-Plaine
23%
68290 Sewen
23%
68510 Uffheim
23%
68190 Ungersheim
23%
68130 Walheim
23%
68280 Andolsheim
19%
68980 Beblenheim
19%
68600 Biesheim
19%
68580 Bisel
19%
68740 Blodelsheim
19%
68530 Buhl
19%
68970 Guémar
19%
68560 Hirsingue
19%
68500 Issenheim
19%
68950 Reiningue
19%
68120 Richwiller
19%
68640 Waldighofen
19%
68600 Algolsheim
16%
68150 Aubure
16%
68740 Balgau
16%
68480 Bendorf
16%
68630 Bennwihr
16%
68480 Bettlach
16%
68290 Bourbach-le-Bas
16%
68290 Bourbach-le-Haut
16%
68290 Dolleren
16%
68440 Eschentzwiller
16%
68540 Feldkirch
16%
68220 Folgensbourg
16%
68580 Friesen
16%
68720 Frœningen
16%
68220 Hagenthal-le-Bas
16%
68220 Hagenthal-le-Haut
16%
68220 Hégenheim
16%
68490 Hombourg
16%
68320 Jebsheim
16%
68220 Leymen
16%
68470 Ranspach
16%
68740 Rumersheim-le-Haut
16%
68570 Soultzmatt
16%
68720 Tagolsheim
16%
68130 Wahlbach
16%
68820 Wildenstein
16%
68760 Willer-sur-Thur
16%
68210 Ballersdorf
13%
68130 Berentzwiller
13%
68210 Bernwiller
13%
68480 Biederthal
13%
68320 Bischwihr
13%
68480 Courtavon
13%
68480 Durlinsdorf
13%
68990 Galfingue
13%
68130 Heiwiller
13%
68150 Hunawihr
13%
68040 Ingersheim
13%
68650 Le Bonhomme
13%
68500 Merxheim
13%
68480 Mœrnach
13%
68640 Muespach
13%
68740 Munchhouse
13%
68740 Nambsheim
13%
68127 Niederhergheim
13%
68127 Oberhergheim
13%
68150 Ostheim
13%
68890 Réguisheim
13%
68800 Roderen
13%
68128 Rosenau
13%
68270 Ruelisheim
13%
68210 Saint-Ulrich
13%
68720 Spechbach
13%
68140 Stosswihr
13%
68130 Tagsdorf
13%
68700 Uffholtz
13%
68600 Vogelgrun
13%
68600 Volgelsheim
13%
68920 Wettolsheim
13%
68230 Wihr-au-Val
13%
68130 Wittersdorf
13%
68500 Wuenheim
13%
68130 Zaessingue
13%
68320 Artzenheim
10%
68700 Aspach-Michelbach
10%
68220 Attenschwiller
10%
68320 Baltzenheim
10%
68500 Bergholtz
10%
68500 Bergholtzzell
10%
68560 Bettendorf
10%
68127 Biltzheim
10%
68380 Breitenbach-Haut-Rhin
10%
68870 Brinckheim
10%
68600 Dessenheim
10%
68780 Diefmatten
10%
68440 Dietwiller
10%
68480 Durmenach
10%
68130 Franken
10%
68240 Fréland
10%
68690 Geishouse
10%
68210 Gommersdorf
10%
68116 Guewenheim
10%
68420 Hattstatt
10%
68130 Hausgauen
10%
68990 Heimsbrunn
10%
68600 Heiteren
10%
68510 Helfrantzkirch
10%
68580 Hindlingen
10%
68118 Hirtzbach
10%
68420 Husseren-les-Châteaux
10%
68470 Husseren-Wesserling
10%
68970 Illhaeusern
10%
68130 Jettingen
10%
68500 Jungholtz
10%
68240 Kaysersberg Vignoble
10%
68320 Kunheim
10%
68910 Labaroche
10%
68580 Largitzen
10%
68610 Lautenbach
10%
68480 Liebsdorf
10%
68660 Lièpvre
10%
68480 Linsdorf
10%
68610 Linthal
10%
68480 Lucelle
10%
68720 Luemschwiller
10%
68210 Magny
10%
68210 Manspach
10%
68290 Masevaux-Niederbruck
10%
68210 Mertzen
10%
68380 Metzeral
10%
68730 Michelbach-le-Bas
10%
68220 Michelbach-le-Haut
10%
68580 Mooslargue
10%
68380 Muhlbach-sur-Munster
10%
68290 Oberbruck
10%
68130 Obermorschwiller
10%
68500 Orschwihr
10%
68730 Ranspach-le-Bas
10%
68220 Ranspach-le-Haut
10%
68500 Rimbachzell
10%
68210 Romagny
10%
68160 Sainte-Croix-aux-Mines
10%
68380 Sondernach
10%
68780 Soppe-le-Bas
10%
68700 Steinbach
10%
68440 Steinbrunn-le-Bas
10%
68440 Steinbrunn-le-Haut
10%
68470 Storckensohn
10%
68580 Strueth
10%
68590 Thannenkirch
10%
68230 Turckheim
10%
68580 Ueberstrass
10%
68121 Urbès
10%
68480 Winkel
10%
68480 Wolschwiller
10%
68340 Zellenberg
10%
68280 Appenwihr
6%
68210 Balschwiller
6%
68210 Bellemagny
6%
68210 Bréchaumont
6%
68780 Bretten
6%
68220 Buschwiller
6%
68210 Chavannes-sur-l'Étang
6%
68720 Eglingen
6%
68210 Elbach
6%
68130 Emlingen
6%
68210 Falkwiller
6%
68640 Feldbach
6%
68320 Fortschwihr
6%
68210 Fulleren
6%
68510 Geispitzen
6%
68760 Goldbach-Altenbach
6%
68420 Gueberschwihr
6%
68210 Hagenbach
6%
68210 Hecken
6%
68720 Heidwiller
6%
68560 Heimersdorf
6%
68960 Illtal
6%
68510 Kappelen
6%
68480 Kiffis
6%
68480 Kœstlach
6%
68800 Leimbach
6%
68480 Levoncourt
6%
68280 Logelheim
6%
68510 Magstatt-le-Bas
6%
68510 Magstatt-le-Haut
6%
68550 Malmerspach
6%
68890 Meyenheim
6%
68630 Mittelwihr
6%
68380 Mittlach
6%
68640 Muespach-le-Haut
6%
68530 Murbach
6%
68220 Neuwiller
6%
68127 Niederentzen
6%
68127 Oberentzen
6%
68480 Oberlarg
6%
68480 Pfetterhouse
6%
68480 Raedersdorf
6%
68190 Raedersheim
6%
68800 Rammersmatt
6%
68510 Rantzwiller
6%
68500 Rimbach-près-Guebwiller
6%
68740 Rustenhart
6%
68720 Saint-Bernard
6%
68440 Schlierbach
6%
68130 Schwoben
6%
68640 Steinsoultz
6%
68230 Walbach
6%
68600 Wolfgantzen
6%
68210 Buethwiller
3%
68320 Durrenentzen
3%
68140 Eschbach-au-Val
3%
68210 Eteimbes
3%
68600 Geiswasser
3%
68210 Gildwiller
3%
68140 Griesbach-au-Val
3%
68320 Grussenheim
3%
68210 Guevenatten
3%
68250 Gundolsheim
3%
68140 Gunsbach
3%
68600 Hettenschlag
3%
68740 Hirtzfelden
3%
68130 Hundsbach
3%
68220 Knœringue
3%
68610 Lautenbachzell
3%
68290 Lauw
3%
68780 Le Haut Soultzbach
3%
68220 Liebenswiller
3%
68480 Ligsdorf
3%
68470 Mitzach
3%
68470 Mollau
3%
68320 Muntzenheim
3%
68570 Osenbach
3%
68320 Porte du Ried
3%
68210 Retzwiller
3%
68640 Riespach
3%
68290 Rimbach-près-Masevaux
3%
68480 Roppentzwiller
3%
68210 Saint-Cosme
3%
68590 Saint-Hippolyte
3%
68520 Schweighouse-Thann
3%
68780 Sentheim
3%
68290 Sickert
3%
68230 Soultzbach-les-Bains
3%
68140 Soultzeren
3%
68510 Stetten
3%
68280 Sundhoffen
3%
68210 Traubach-le-Bas
3%
68210 Traubach-le-Haut
3%
68420 Vœgtlinshoffen
3%
68510 Waltenheim
3%
68600 Weckolsheim
3%
68290 Wegscheid
3%
68220 Wentzwiller
3%
68320 Widensolen
3%
68210 Wolfersdorf
3%
68230 Zimmerbach
3%
68140 Hohrod
0%
68230 Katzenthal
0%
68290 Kirchberg
0%
68510 Kœtzingue
0%
68650 Lapoutroie
0%
68140 Luttenbach-près-Munster
0%
68250 Munwiller
0%
68230 Niedermorschwihr
0%
68420 Obermorschwihr
0%
68600 Obersaasheim
0%
68590 Rodern
0%
68740 Roggenhouse
0%
68660 Rombach-le-Franc
0%
68590 Rorschwihr
0%
68560 Ruederbach
0%
68480 Sondersdorf
0%
68780 Sternenberg
0%
68320 Urschenheim
0%
68210 Valdieu-Lutran
0%
68230 Wasserbourg
0%
68480 Werentzhouse
0%
68250 Westhalten
0%
68320 Wickerschwihr
0%
Aucun quiz correspondant
Distribution des résultats
% des personnes avec chaque résultat
Percentile par nombre de réponses
Votre historique - résultats
Vous n’avez pas pris ce quiz